000 00399nam a2200145Ia 4500
008 100204s9999 xx 000 0 und d
082 _b11797
100 _aकदम बा.
245 _aराणीमा
260 _b"मधुर पब्लिकेशन , पुणे 2"
_c1988
300 _a530
630 _aराणीमा
730 _aराणीमा
942 _cBOOK
999 _c456209
_d456206